Sacred and Secular: (Record no. 215845)
[ view plain ]
| 000 -LEADER | |
|---|---|
| fixed length control field | 00704nam a22001937a 4500 |
| 005 - DATE AND TIME OF LATEST TRANSACTION | |
| control field | 20260410112104.0 |
| 010 ## - LCCN (DPL NO) | |
| LC control number | ENG-148191 |
| 020 ## - INTERNATIONAL STANDARD BOOK NUMBER | |
| Terms of availability | 500.00 |
| International Standard Book Number | 9789348685001 |
| 035 ## - SYSTEM CONTROL NUMBER | |
| System control number | EN-131723 |
| 037 ## - SOURCE OF ACQUISITION | |
| Source of stock number/acquisition | DBAD |
| 082 ## - DEWEY DECIMAL CLASSIFICATION NUMBER | |
| Classification number | 294.0954 |
| Edition number | 1 |
| 245 ## - TITLE STATEMENT | |
| Title | Sacred and Secular: |
| Remainder of title | India's Religious Dynamics/ |
| Statement of responsibility, etc | Edited By Arnald Mahesh [and] Joseph Souza |
| 250 ## - EDITION STATEMENT | |
| Edition statement | 1 |
| 260 ## - PUBLICATION, DISTRIBUTION, ETC. (IMPRINT) | |
| Name of publisher, distributor, etc | ATC Publishers |
| Place of publication, distribution, etc | Bengaluru |
| Date of publication, distribution, etc | 2025 |
| 270 ## - ADDRESS | |
| Address | St's Mary Block, Archdiocesan,Pastoral Center,#5, Nandidurga Road,Benson Town |
| City | Bengaluru |
| Postal code | 560046 |
| Telephone number | +918025491999 |
| -- | 7090100444 |
| Electronic mail address | info@atcpublishers.com |
| 300 ## - PHYSICAL DESCRIPTION | |
| Extent | 369p. |
| Dimensions | 21cm(pb) |
| 700 ## - ADDED ENTRY--PERSONAL NAME | |
| Personal name | Souza, Joseph |
| Relator term | Editor |
| 9 (RLIN) | 88852 |
| 942 ## - ADDED ENTRY ELEMENTS (KOHA) | |
| Source of classification or shelving scheme | Dewey Decimal Classification |
| Item type | English Books |
| Classification part | 294.0954 |
| Call number suffix | SAC |
| Withdrawn status | Lost status | Not for loan | Collection code | Home library | Current library | Date acquired | Source of acquisition | Cost, normal purchase price | Full call number | Barcode | Copy number | Cost, replacement price | Koha item type |
|---|---|---|---|---|---|---|---|---|---|---|---|---|---|
| Not For Loan | Non-fiction | D.B.Act.Division | D.B.Act.Division | 10/04/2026 | Delivery of Books Act Division | 500.00 | 294.0954 SAC | EN-131723 | 1 | 500.00 | English Books |
